Cours de cosmographie (Registro nro. 87489)

Detalles MARC
000 -ENCABEZADO
Número de control [NR] 00611nam a22001817a 4500
008 - DE LONGITUD FIJA DE DATOS DE ELEMENTOS - INFORMACIÓN GENERAL
Elementos de longitud fija [NR] 130821s1914 fr gr fre
040 ## - FUENTE DE CATALOGACION [NR]
Agencia de catalogación original [NR] Co-BoUCM
Idioma de catalogación [NR] spa
041 00 - CODIGO DE IDIOMA [R]
Código de idioma para texto/pista de sonido o título separado [R] Francés
100 ## - ASIENTO PRINCIPAL--NOMBRE PERSONAL [NR]
Nombre personal [NR] F.G.M..
ID Autoridad 91724
245 00 - MENCION DE TITULO [NR]
Título [NR] Cours de cosmographie
Parte restante del título [NR] Avec une carte céleste et un recueil de'exercices pour la classe de mathématiques
Mención de responsabilidad, etc. [NR] F.G.M
260 ## - PUBLICACION, DISTRIBUCION, ETC. (PIE DE IMPRENTA) [R]
Lugar de publicación, distribución, etc. [R] París (Francia)
Nombre del editor, distribuidor, etc. [R] Tours
Fecha de publicación, distribución, etc. [R] 1914
300 ## - DESCRIPCION FISICA [R]
Extensión [R] 336 páginas
650 04 - ASIENTO SECUNDARIO DE MATERIA - TERMINO TEMATICO [R]
Término temático o nombre geográfico como elemento de entrada [NR] Cosmografía
9 (RLIN) 12047
650 04 - ASIENTO SECUNDARIO DE MATERIA - TERMINO TEMATICO [R]
Término temático o nombre geográfico como elemento de entrada [NR] Geografía matemática
9 (RLIN) 16352
650 04 - ASIENTO SECUNDARIO DE MATERIA - TERMINO TEMATICO [R]
Término temático o nombre geográfico como elemento de entrada [NR] Tierra
9 (RLIN) 25466
942 ## - ELEMENTOS DE ENTRADA AGREGADOS (KOHA)
Tipo de ítem principal el descrito en 300a Libro
Tema principal Ciencias puras
Edición 1
Parte restante de la signatura top. G53
Título oculto en OPAC No
Sistema de clasificación DEWEY
Clasificación 523
Existencias
Signatura topográfica Código de barras Última vez visto Volúmen / Fascículo Ejemplar Price effective from Tipo de ítem Perdido Sistema de clasificación Dañado No prestable Tipo de ítem específico Suprimido Ubicación habitual Ubicación actual Localización Fecha de creación Forma de adquisición Costo
FCS 523 G53 120000711 06/07/2012 1914 Ej.1 03/02/2013 Libro   DEWEY     Fondos especiales     Archivo Histórico Archivo histórico 28/02/2003 Donación 1000.00